| 000 | 00736nam a2200241 a 4500 | ||
|---|---|---|---|
| 001 | 69144 | ||
| 003 | BD-RjUL | ||
| 005 | 20211209081843.0 | ||
| 008 | 170410s1973 maua|||| |||| 001 0 eng d | ||
| 020 | _a0395120756 : | ||
| 035 | _a(BD-RjUL)69355 | ||
| 040 |
_aBD-RjUL _beng _cBD-RjUL _dBD-RjUL |
||
| 041 | _aeng | ||
| 082 |
_223 _a910 _bHAB 1973 |
||
| 100 |
_aHarper, Robert A. _9204844 |
||
| 245 |
_aBetween two worlds : _ba new introduction to geography / _cRobert A. Harper; Theodore H. Schmudde |
||
| 260 |
_aBoston : _bHoughton Mifflin, _c1973. |
||
| 300 |
_axiii, 586 p. : _bill. ; _c24 cm. |
||
| 500 | _aInclude Index. | ||
| 650 |
_aGeography and travel _9119188 |
||
| 700 |
_aSchmudde, Theodore H. _9204845 |
||
| 942 |
_2ddc _cBK |
||
| 999 |
_c69144 _d69144 |
||